00435nam a2200145Ia 4500008004100000041000800041082001800049100000800067245002200075260005100097300000800148942001200156999001900168952010200187140306s9999 xx 000 0 und d aeng a362.5bKAU/PO aKAU aPoverty in Kerala aMannuthybKerala Agricultural Universityc1986 a156 2ddccBK c179593d179593 00102ddc4070aKAUCBVbKAUCBVd2004-04-02l0o362.5 KAU/POr2014-03-22 00:00:00w2014-03-22yBK